| 000 | 01590nam a2200289Ia 4500 | ||
|---|---|---|---|
| 999 |
_c51502 _d51502 |
||
| 001 | 18491 | ||
| 003 | GE_BSU | ||
| 005 | 20211004135128.0 | ||
| 008 | 181216s2014||||ge |||||||||||||| ||geo|| | ||
| 020 | _aISBN 978-9941-0-6030-4 | ||
| 040 | _cGE_BSU | ||
| 041 | _ageo | ||
| 080 | _a342.7(075.8) კ-87 | ||
| 100 |
_aკუბლაშვილი, კონსტანტინე _9197 |
||
| 245 |
_aძირითადი უფლებები : _bიურიდ. სახელმძღვ. / _cკონსტანტინე კუბლაშვილი ; რედ. თამარ ბერიძე. |
||
| 250 | _aმე-3 გამოცემა | ||
| 264 |
_aთბილისი : _bშპს "ფაუნტეინ ჯორჯია, _c2014. |
||
| 300 |
_a362 გვ. ; _c20 სმ. |
||
| 520 | _aგამოცემულია ფონდის "ღია საზოგადეობა - საქართველო" ფინანსური მხარდაჭერით | ||
| 653 | _aსამართალი | ||
| 653 | _aსაქართველოს სახელმწიფო სამართლის სახელმძღვანელოები | ||
| 653 | _a საქართველოს კონსტიტუცია | ||
| 653 | _aსაჯარო სამართალი | ||
| 653 | _a ძირითადი უფლებები საქართველოში | ||
| 700 |
_aბერიძე, თამარ _eრედაქტორი _99312 |
||
| 942 |
_cBK _2udc |
||